000 00443nam a22001817a 4500
003 MPLRDC
005 20220104143315.0
008 210129b ||||| |||| 00| 0 eng d
020 _a962-447-529-6
082 _a857.623 YG-4 v.65
100 _a余过
245 _a冥国记之幻世奇谜
_c
260 _a
_b缘+勤出版社
_c
300 _b
490 _a奇幻系列. 65
650 _a灵异小说
942 _cBK
_o857.623 YG-4 v.65
999 _c38620
_d38610